| 000 | 00566nam a22002057a 4500 | ||
|---|---|---|---|
| 003 | OSt | ||
| 008 | 260420b |||||||| |||| 00| 0 eng d | ||
| 082 |
_a634.44 _bP27B |
||
| 100 | _aPawan Kumar | ||
| 245 |
_aBearing Behaviour of Some Coloured Mango (Mangifera indica L.) Varieties / _cby Pawan Kumar |
||
| 260 |
_a.- Sabour, Bhagalpur _b: Bihar Agricultural College, RAU _c, 2003 |
||
| 300 | _a84p. | ||
| 502 |
_bPh. D. _d2003 |
||
| 650 | _aHorticulture | ||
| 650 | _aPomology | ||
| 650 | _aMangoes | ||
| 650 | _aThesis | ||
| 650 | _aPh. D. | ||
| 942 |
_2ddc _cT |
||
| 999 |
_c50096 _d50096 |
||